00535nam a2200241Ia 450000500170000000800460001702000180006303700100008104000080009104000080009904000080010704100080011504100080012308400080013110000180013924500110015724500270016826000230019526000090021836500050022736500080023285600530024020260324134356.0008 260324s9999 xx 000 0 eng d a9780203402887 aEBOOK aCRL beng cCRL 2eng aeng qCRL aNeil Robinson 0aRussia 2bA State of Uncertainty bTaylor and Francis c2002 a b230 uhttp://www.taylorfrancis.com/books/9780203402887